00315nam a2200121Ia 4500008004100000041000800041082001700049100001500066245004500081260003200126300002600158365000900184240624s9999 xx 000 0 und d aeng a330.973 TSE  aTSE EDWARD aCHINA STRATEGY HARNESSING THE POWER OF T c2012aNew YorkbBasic Books axviii, 247 p.; 23 cm. cb38